MASONRY WALLS (Record no. 546896)
[ view plain ]
| 000 -LEADER | |
|---|---|
| fixed length control field | 00420 a2200157 4500 |
| 020 ## - INTERNATIONAL STANDARD BOOK NUMBER | |
| International Standard Book Number | 0-7506-2465-5 |
| 082 ## - DEWEY DECIMAL CLASSIFICATION NUMBER | |
| Classification number | 624.183 |
| Author Mark | THO |
| -- | L-NUST, P-39 |
| 100 ## - MAIN ENTRY--PERSONAL NAME | |
| Personal name | THOMAS, K |
| 9 (RLIN) | 43094 |
| 245 ## - TITLE STATEMENT | |
| Title | MASONRY WALLS |
| 250 ## - EDITION STATEMENT | |
| Edition statement | 1ST |
| 260 ## - PUBLICATION, DISTRIBUTION, ETC. | |
| Place of publication, distribution, etc. | LONDON |
| Name of publisher, distributor, etc. | BUTTERWORTH-HEINEMANN LTD |
| Date of publication, distribution, etc. | 1996 |
| 300 ## - PHYSICAL DESCRIPTION | |
| Extent | 317 P, PB, ILL |
| 500 ## - GENERAL NOTE | |
| General note | BUILDING CONSTRUCTION |
| 526 ## - STUDY PROGRAM INFORMATION NOTE | |
| Program name | 0 |
| Interest level | 0 |
| Reading level | 0 |
| Title point value | 624_183000000000000_THO_LNUST_ |
| 942 ## - ADDED ENTRY ELEMENTS (KOHA) | |
| Source of classification or shelving scheme | |
| Koha item type | Book Bank |
| Withdrawn status | Lost status | Source of classification or shelving scheme | Damaged status | Not for loan | Permanent Location | Current Location | Date acquired | Total Checkouts | Full call number | Barcode | Date last seen | Price effective from | Koha item type |
|---|---|---|---|---|---|---|---|---|---|---|---|---|---|
| Military College of Engineering (MCE) | Military College of Engineering (MCE) | 06/20/2014 | 624.183 THO L-NUST, P-39 | MCE-44314 | 06/20/2014 | 06/20/2014 | Book Bank |
